000 00462nam a2200145Ia 4500
008 100204s9999 xx 000 0 und d
082 _b7108
100 _aदातार छाया
245 _aमी तरुणी
260 _b"ग्रंथाली वाचक चळवळ , मुंबई - कुर्ला"
_c1985 2
300 _a15+140
630 _aमी तरुणी
730 _aमी तरुणी
942 _cBOOK
999 _c451545
_d451542